00653nam a2200169Ia 4500008004100000041001200041082001100053100001600064245006700080260000600147650000600153700001800159942000700177999001700184952014100201952014100342221030s9999 xx 000 0 und d aEnglish a105.23 aN. D. Bhatt 0aGeometrical and Machine Drawingcby N. D. Bhatt, V. M. Panchal c0 aB aV. M. Panchal cBK c13575d13575 pB 2468l0o105.23 r2022-10-30 00:00:00w2022-10-30yBK003Print4070aMIETLIBbMIETLIBcBL-, FL-, CUP-0, SH-0, R-0d2012-07-1310HBE pB 2469l0o105.23 r2022-10-30 00:00:00w2022-10-30yBK003Print4070aMIETLIBbMIETLIBcBL-, FL-, CUP-0, SH-0, R-0d2012-07-1310HBE